000
00220nam a22000857a 4500
008
170113b xxu||||| |||| 00| 0 eng d
100
_9
2388
_a
Sharma.N.K.etal
245
_a
Practical Science-X
260
_a
New Delhi
_b
Amanda
_c
2010
999
_c
5399
_d
5399